[Event "Helmond Rapid op"]
[Site "Helmond"]
[Date "2023.06.10"]
[Round "6"]
[White "Becx, Cesar"]
[Black "Blijlevens, Pim"]
[Result "1/2-1/2"]
[WhiteElo "2034"]
[BlackElo "1910"]
[PlyCount "122"]
[EventDate "2023.06.10"]
[EventType "swiss (rapid)"]
[EventRounds "9"]
[EventCountry "NED"]
[SourceTitle "CBM 214 Extra"]
[Source "ChessBase"]
[SourceDate "2023.07.31"]
[SourceVersion "1"]
[SourceVersionDate "2023.07.31"]
[SourceQuality "1"]

1. f4 e6 2. Nf3 f5 3. d3 Nf6 4. e4 fxe4 5. dxe4 Bc5 6. Bd3 0-0 7. e5 Nd5 8. Bxh7+ Kh8 9. g3 Qe8 10. Be4 d6 11. c4 Nb6 12. Qc2 Nc6 13. Nbd2 dxe5 14. fxe5 Qh5 15. Bg6 Qh3 16. Qe4 Ne7 17. Ng5 Qh6 18. Nf7+ Rxf7 19. Bxf7 Nf5 20. Nb3 Be3 21. Bxe3 Nxe3 22. Rc1 Bd7 23. Qg6 Bc6 24. Qxh6+ gxh6 25. Rg1 Nbxc4 26. Bxe6 Nxe5 27. Ke2 N3g4 28. Bxg4 Nxg4 29. h3 Re8+ 30. Kd3 Nf2+ 31. Kd4 Nxh3 32. Rge1 Rd8+ 33. Kc3 Rd7 34. Rcd1 Rg7 35. Re3 Kh7 36. Nd4 Bd7 37. Rde1 c5 38. Ne2 b5 39. b4 cxb4+ 40. Kxb4 Ng5 41. Nf4 a6 42. Re7 Bf5 43. Rxg7+ Kxg7 44. Re7+ Kf6 45. Ra7 Ne4 46. Rxa6+ Kg5 47. Kxb5 Nxg3 48. Ne6+ Kg4 49. Rb6 h5 50. a4 h4 51. Nd4 Bd3+ 52. Kc5 h3 53. Rh6 Nh5 54. Nf3 Be2 55. Nh2+ Kg3 56. Nf1+ Kf2 57. Nh2 Kg2 58. Rg6+ Kxh2 59. a5 Ng3 60. a6 Bxa6 61. Rxa6 Kg1 1/2-1/2

[Event "Eindhoven WLC op 12th"]
[Site "Eindhoven"]
[Date "2022.05.15"]
[Round "5"]
[White "Blijlevens, Pim"]
[Black "Van de Put, Jeroen"]
[Result "0-1"]
[WhiteElo "1958"]
[BlackElo "1987"]
[PlyCount "62"]
[EventDate "2022.05.13"]
[EventType "swiss"]
[EventRounds "6"]
[EventCountry "NED"]
[SourceTitle "CBM 208 Extra"]
[Source "ChessBase"]
[SourceDate "2022.07.31"]
[SourceVersion "1"]
[SourceVersionDate "2022.07.31"]
[SourceQuality "1"]

1. f4 c5 2. b3 Nc6 3. Bb2 Nf6 4. Nf3 d5 5. e3 a6 6. a4 Bg4 7. Be2 e6 8. 0-0 Rc8 9. Ne5 Bxe2 10. Qxe2 Bd6 11. d3 0-0 12. Nxc6 Rxc6 13. e4 dxe4 14. dxe4 c4 15. Kh1 cxb3 16. cxb3 Bb4 17. Na3 Bc3 18. Bxc3 Rxc3 19. e5 Nd5 20. Rf3 Qb6 21. Rxc3 Nxc3 22. Qc4 Nd5 23. Nc2 Qf2 24. Rf1 Qd2 25. f5 b5 26. axb5 axb5 27. Qxb5 Qxc2 28. fxe6 fxe6 29. Rxf8+ Kxf8 30. Qb8+ Kf7 31. h3 Qc7 0-1

[Event "Eindhoven WLC op 10th"]
[Site "Eindhoven"]
[Date "2019.05.25"]
[Round "2"]
[White "Van Dael, Siem"]
[Black "Blijlevens, Pim"]
[Result "1-0"]
[WhiteElo "2228"]
[BlackElo "1997"]
[PlyCount "61"]
[EventDate "2019.05.24"]
[EventType "swiss"]
[EventRounds "6"]
[EventCountry "NED"]
[SourceTitle "CBM 190 Extra"]
[Source "ChessBase"]
[SourceDate "2019.07.15"]
[SourceVersion "1"]
[SourceVersionDate "2019.07.15"]
[SourceQuality "1"]

1. e4 e6 2. d4 d5 3. Nc3 Bb4 4. e5 c5 5. a3 Bxc3+ 6. bxc3 Ne7 7. Qg4 Qc7 8. Qxg7 Rg8 9. Qxh7 cxd4 10. Ne2 Nbc6 11. f4 dxc3 12. Qd3 d4 13. Nxd4 Nxd4 14. Qxd4 Bd7 15. Rg1 Nf5 16. Qf2 Qc6 17. Bd3 Qd5 18. Be3 Nxe3 19. Qxe3 Rxg2 20. Rxg2 Qxg2 21. Be4 Qxh2 22. 0-0-0 Bc6 23. Bxc6+ bxc6 24. Qe4 Kf8 25. Qb4+ Kg8 26. Kb1 Qf2 27. Qxc3 Rb8+ 28. Ka1 Qb6 29. f5 Kf8 30. fxe6 fxe6 31. Qf3+ 1-0

[Event "Maastricht Limburg op-B 8th"]
[Site "Maastricht"]
[Date "2014.06.07"]
[Round "3"]
[White "Fadavian, Marius"]
[Black "Blijlevens, Pim"]
[Result "1-0"]
[WhiteElo "2040"]
[BlackElo "1934"]
[PlyCount "51"]
[EventDate "2014.06.06"]
[EventType "swiss"]
[EventRounds "7"]
[EventCountry "NED"]
[SourceTitle "EXT 2015"]
[Source "ChessBase"]
[SourceDate "2014.11.20"]
[SourceVersion "1"]
[SourceVersionDate "2014.11.20"]
[SourceQuality "1"]

1. d4 f5 2. c3 Nf6 3. Qc2 d6 4. Bg5 e6 5. Nd2 Be7 6. Ngf3 h6 7. Bxf6 Bxf6 8. e4 Nc6 9. Bd3 f4 10. Bb5 0-0 11. Bxc6 bxc6 12. e5 Be7 13. 0-0-0 d5 14. c4 c5 15. dxc5 c6 16. Nb3 a5 17. Kb1 Qc7 18. cxd5 cxd5 19. Rc1 Rb8 20. Rhd1 Rb4 21. Rd4 Rb5 22. Qd2 Ba6 23. Rxf4 Rxf4 24. Qxf4 Bxc5 25. Nfd4 Qe7 26. Nxb5 1-0

[Event "Helmond Legibus op"]
[Site "Helmond"]
[Date "2013.06.30"]
[Round "6"]
[White "Guliyev, Namig"]
[Black "Blijlevens, Pim"]
[Result "1-0"]
[WhiteElo "2561"]
[BlackElo "1934"]
[PlyCount "71"]
[EventDate "2013.06.29"]
[EventType "swiss (rapid)"]
[EventRounds "9"]
[EventCountry "NED"]
[SourceTitle "CBM 155 Extra"]
[Source "ChessBase"]
[SourceDate "2013.08.26"]
[SourceVersion "1"]
[SourceVersionDate "2013.08.26"]
[SourceQuality "1"]

1. e4 c5 2. Nf3 Nc6 3. Nc3 g6 4. d4 cxd4 5. Nxd4 Bg7 6. Be3 d6 7. Bc4 Nf6 8. h3 0-0 9. Bb3 Na5 10. 0-0 a6 11. Re1 b5 12. Qd2 Bb7 13. Bg5 Rc8 14. Nd5 Nxd5 15. exd5 Re8 16. Re2 Nc4 17. Bxc4 Rxc4 18. c3 Bxd4 19. cxd4 Bxd5 20. Rae1 Rc7 21. Qf4 f6 22. Bxf6 Rf8 23. Qg5 Rxf6 24. Qxd5+ Kg7 25. Qb3 Rf7 26. a4 Qd7 27. axb5 axb5 28. Re6 Rc4 29. Qe3 Rc7 30. h4 Rc2 31. f3 Qa7 32. Kh2 Rxb2 33. h5 Qa2 34. Qg5 Kh8 35. Rxe7 Rxe7 36. Rxe7 1-0

[Event "Geraardsbergen op 27th"]
[Site "Geraardsbergen"]
[Date "2011.08.12"]
[Round "3"]
[White "Goormachtigh, Johan"]
[Black "Blijlevens, Pim"]
[Result "1-0"]
[WhiteElo "2237"]
[BlackElo "1918"]
[PlyCount "41"]
[EventDate "2011.08.11"]
[EventType "swiss"]
[EventRounds "9"]
[EventCountry "BEL"]
[SourceTitle "CBM 144 Extra"]
[Source "ChessBase"]
[SourceDate "2011.10.28"]
[SourceVersion "1"]
[SourceVersionDate "2011.10.28"]
[SourceQuality "1"]

1. d4 d5 2. Nf3 e6 3. c4 Be7 4. Nc3 Nf6 5. Bf4 0-0 6. e3 c5 7. dxc5 Bxc5 8. Qc2 a6 9. Rd1 Qa5 10. Nd2 Bb4 11. Be2 Nbd7 12. 0-0 Re8 13. Nb3 Qb6 14. cxd5 Nxd5 15. Rxd5 exd5 16. Nxd5 Qa7 17. Nxb4 Nf6 18. Bf3 Bg4 19. Bxg4 Nxg4 20. Nd5 Rad8 21. Qf5 1-0

[Event "Maastricht Limburg op-B 5th"]
[Site "Maastricht"]
[Date "2011.06.11"]
[Round "2"]
[White "Klein, Gernot"]
[Black "Blijlevens, Pim"]
[Result "1-0"]
[WhiteElo "1899"]
[BlackElo "1920"]
[PlyCount "69"]
[EventDate "2011.06.10"]
[EventType "swiss"]
[EventRounds "7"]
[EventCountry "NED"]
[SourceTitle "EXT 2012"]
[Source "ChessBase"]
[SourceDate "2011.11.24"]
[SourceVersion "1"]
[SourceVersionDate "2011.11.24"]
[SourceQuality "1"]

1. e4 c5 2. Nf3 Nc6 3. Nc3 g6 4. d4 cxd4 5. Nxd4 Bg7 6. Be3 Nf6 7. Bc4 0-0 8. Bb3 d6 9. f3 Nd7 10. Qd2 Nxd4 11. Bxd4 Bxd4 12. Qxd4 Nc5 13. 0-0-0 Nxb3+ 14. axb3 Be6 15. Kb1 Qa5 16. g4 Rac8 17. h4 Qc5 18. Qd2 b5 19. g5 b4 20. Nd5 Bxd5 21. exd5 a5 22. h5 Kg7 23. Rh4 f5 24. Qe2 Qc7 25. Re1 Rf7 26. hxg6 Kxg6 27. Rc4 Qd7 28. Qh2 Kg7 29. Qh6+ Kg8 30. g6 Rg7 31. gxh7+ Kh8 32. Qf4 Rxc4 33. Qxc4 Rxh7 34. Rg1 e6 35. dxe6 1-0

[Event "Guernsey op 34th"]
[Site "Guernsey"]
[Date "2008.10.20"]
[Round "2"]
[White "Blijlevens, Pim"]
[Black "Thurlow, Kevin J"]
[Result "0-1"]
[WhiteElo "1849"]
[BlackElo "2062"]
[PlyCount "116"]
[EventDate "2008.10.19"]
[EventType "swiss"]
[EventRounds "7"]
[EventCountry "GCI"]
[SourceTitle "EXT 2009"]
[Source "ChessBase"]
[SourceDate "2008.11.26"]
[SourceVersion "1"]
[SourceVersionDate "2008.11.26"]
[SourceQuality "1"]

1. d4 Nf6 2. Bg5 e6 3. e4 h6 4. Bxf6 Qxf6 5. Nf3 c5 6. c3 Nc6 7. e5 Qg6 8. Bd3 f5 9. exf6 Qxf6 10. h4 cxd4 11. Nxd4 e5 12. Qh5+ Kd8 13. Nxc6+ bxc6 14. Nd2 d5 15. Rd1 Kc7 16. 0-0 Bd6 17. c4 Ba6 18. Be2 g6 19. Qg4 h5 20. Qf3 Qxf3 21. Bxf3 e4 22. Be2 Rae8 23. Rfe1 e3 24. fxe3 Rxe3 25. Bf1 Rhe8 26. Rxe3 Rxe3 27. cxd5 Bxf1 28. Nxf1 Re2 29. dxc6 Rxb2 30. Rd2 Bc5+ 31. Kh2 Rb1 32. Ng3 Rb4 33. Kh3 Kxc6 34. Ne2 a5 35. g3 Rg4 36. Nf4 Bd6 37. Rd4 Bxf4 38. gxf4 Kb5 39. Re4 a4 40. Rd4 a3 41. Re4 Rg1 42. Re6 Kc4 43. Rb6 Ra1 44. Rxg6 Rxa2 45. Rg5 Rb2 46. Rxh5 Rb5 47. Rh8 Ra5 48. Rc8+ Kd4 49. Rc1 a2 50. Ra1 Kc3 51. Kg4 Kb2 52. Rxa2+ Rxa2 53. f5 Kc3 54. f6 Kd4 55. Kf5 Kd5 56. h5 Rf2+ 57. Kg6 Ke6 58. h6 Rg2+ 0-1

[Event "Calvi Balagne op 05th"]
[Site "Calvi"]
[Date "2008.04.07"]
[Round "2"]
[White "Piscopo, Pierluigi"]
[Black "Blijlevens, Pim"]
[Result "1/2-1/2"]
[WhiteElo "2379"]
[BlackElo "1899"]
[PlyCount "92"]
[EventDate "2008.04.06"]
[EventType "swiss"]
[EventRounds "9"]
[EventCountry "FRA"]
[SourceTitle "CBM 123 Extra"]
[Source "ChessBase"]
[SourceDate "2008.05.06"]
[SourceVersion "1"]
[SourceVersionDate "2008.05.06"]
[SourceQuality "1"]

1. e4 c5 2. Nf3 Nc6 3. d4 cxd4 4. Nxd4 e5 5. Nb5 a6 6. Nd6+ Bxd6 7. Qxd6 Qf6 8. Qxf6 Nxf6 9. Nc3 d5 10. exd5 Nb4 11. Bd3 Nxd3+ 12. cxd3 Bf5 13. Bg5 Bxd3 14. Rd1 Bf5 15. Bxf6 gxf6 16. 0-0 0-0-0 17. f4 e4 18. Kf2 Rhe8 19. Ke3 h5 20. Rd4 h4 21. Nxe4 Kd7 22. Kf3 Bxe4+ 23. Rxe4 Rxe4 24. Kxe4 Re8+ 25. Kf3 Rc8 26. Rf2 f5 27. Re2 b5 28. h3 a5 29. g3 hxg3 30. Kxg3 Kd6 31. h4 Rg8+ 32. Kf3 Rh8 33. Rh2 Rh5 34. Kg3 Kxd5 35. Rd2+ Kc4 36. Rc2+ Kb4 37. Rc6 a4 38. Rc2 Rh7 39. Rh2 Rh5 40. Kf3 Kc4 41. Ke3 b4 42. Rh1 a3 43. Rc1+ Kd5 44. Rd1+ Kc5 45. Rc1+ Kd5 46. Rd1+ Kc5 1/2-1/2